000 00644cab a2200241 4500
001 X2498
008 090401t1995 xxu||||| |||| 00| 0 eng d
035 _a(Sirsi) u24658
041 _aeng
245 _aRuxley Electronics and Construction Ltd v Forsyth
260 _c1995
350 _a0
490 _aConstruction Industry Law Letter
_v1995 CILL 1066-1069(4)
520 _aHL 29 June 1995.
650 _aBREACH OF CONTRACT
650 _aDAMAGES
650 _aDIMINUTION IN VALUE
650 _aMEASURE OF DAMAGES
650 _aSWIMMING POOL
690 _aBUILDING AND CONSTRUCTION-CASE LAW
942 _n0
948 _c04/03/1997
999 _c16541
_d16541